00976nam a2200253Ia 4500001001000000003000500010008004100015010001100056040000900067100004100076245016500117260003400282300001100316502007100327650003000398650005100428650004600479650003500525650002900560650001800589650002600607650003900633710005000672Para_9160CHAP220125s2006 xx 000 0 und d a207893 cCHAP aHernández Arenas, Marian Guadalupe aPatogenicidad, variabilidad y manejo biológico de cinco aislamientos de Phytophthora capsici Leonian en hortalizas /c por Marian Guadalupe Hernández Arenas aChapingo, Méx. :b el autor a110 h. aTesis (M.C. Protección Vegetal) UACh. Parasitología Agrícola aCalabaza x enfermedades  aChile (botánica) x enfermedades por hongos  0aChile manzano x Enfermedades por hongos  aControl biológico de hongos  aFungicidas x análisis aHorticultura  aPhytophthora capsici  aTomate x enfermedades por hongos  aUACh. Departamento Parasitología Agrícola